000 00921nam a2200205 i 4500
001 164848
003 ES-MaACL
005 20230906213023.0
008 830912s1788 sp |||| | spa d
080 _a615.11(460.23)"17"
100 1 _aSavall y Valldejuli, José Antonio.
_9104049
245 1 0 _aDiscurso sobre la necesidad de una farmacopea nueva en la ciudad de Barcelona y Principado de Cataluña /
_cpor Joseph Antonio Savall y Valldejuli ...
260 _aBarcelona :
_bpor Francisco Suriá y Burgada, imp.,
_c1788.
300 _a[8], 27 p. ;
_c20 cm.
510 4 _aPalau 303.190
597 _aP. [5] y 1 llevan sign. A2, p. 5 lleva A3 y p. 9 lleva A4.
597 _aNúmero de lín. variable, notas a pie de p. y reclamos.
650 0 4 _aFarmacopeas-
_zCataluña-
_yS.XVIII.
_912726
852 _aES-MaACL
_jR-3431(3)
_z- Enc. pasta
_z. - Ex-libris de Mateo Seoane
_z- Enc. en un vol. facticio
_x- Olim: T-630-F
999 _c164848
_d164848